=LDR 00000nam 2200000 4500 =001 INLIS000000000047896 =005 20200326063721 =035 ##$$a 0010-031600000000009 =008 200326################g##########0#ger## =020 ##$$a 3-923781-02-4 =040 ##$$a NBPDMAT =082 ##$$a 234 =090 ##$$a 234$bKub u =100 ##$$a Kubler Ross, Elisabeth =245 1#$$a Uber den tod und das leben danach /$c Elisabeth Kubler Ross =260 ##$$a Berlin :$b Die Silberschnur,$c 1996 =300 ##$$a 89 hlm. ; $c 15 x 21 cm. =650 #4$$a Keselamatan dan Rahmat =850 ##$$a NBPDMAT =084 ##$$a 234 KUB u =990 ##$$a 31500704